विराटपर्व ( मोरोपंत ) (Record no. 456986)

MARC details
000 -LEADER
fixed length control field 00516nam a2200145Ia 4500
008 - FIXED-LENGTH DATA ELEMENTS--GENERAL INFORMATION
fixed length control field 100204s9999 xx 000 0 und d
082 ## - DEWEY DECIMAL CLASSIFICATION NUMBER
Item number 12554
100 ## - MAIN ENTRY--PERSONAL NAME
Personal name अदवंत म. ना.
245 ## - TITLE STATEMENT
Title विराटपर्व ( मोरोपंत )
260 ## - PUBLICATION, DISTRIBUTION, ETC. (IMPRINT)
Name of publisher, distributor, etc "व्हीनस प्रकाशन, पुणे"
Date of publication, distribution, etc 1975
300 ## - PHYSICAL DESCRIPTION
Extent 176
630 ## - SUBJECT ADDED ENTRY--UNIFORM TITLE
Uniform title विराटपर्व ( मोरोपंत )
730 ## - ADDED ENTRY--UNIFORM TITLE
Uniform title विराटपर्व ( मोरोपंत )
942 ## - ADDED ENTRY ELEMENTS (KOHA)
Koha item type Book
Holdings
Withdrawn status Lost status Damaged status Not for loan Home library Current library Date acquired Cost, normal purchase price Total Checkouts Full call number Barcode Date last seen Cost, replacement price Price effective from Koha item type Public note
        N. C. Kelkar Sarvajanik Library, Mulund N. C. Kelkar Sarvajanik Library, Mulund 09/13/2003 10.50   12554 NCKMULUND-12554 02/04/2010 10.50 02/04/2010 Book 6)इतर